Les noms de familles + créatures Harry Potter - Statistiques

Statistiques générales
  • Ce quiz a été pris 1 396 fois
  • Le résultat moyen est 131 sur 217
Statistiques - réponses
Prénom Nom % Correct
Abelforth | Albus | Ariana | +3 others Dumbledore
98%
Alastor Maugrey
95%
Arthur | Bilius | Bill | +7 others Weasley
95%
Harry | James | Lily Potter
94%
Fleur | Gabrielle Delacour
92%
Amos | Cedric Diggory
92%
Hermione Granger
92%
Bellatrix | Rabastan | Rodolphus Lestrange
92%
Alice | Augusta | Frank | Neville Londubat
92%
Orion | Phineas | Regulus | +3 others Black
91%
Luna | Xenophilius Lovegood
91%
Drago | Lucius | Narcissa Malefoy
91%
Cho Chang
90%
Dudley | Marjorie | Petunia | Vernon Dursley
90%
Helga Poufsouffle
89%
Héléna | Rowena Serdaigle
89%
Andromeda | Nymphadora | Ted Tonks
89%
Severus | Tobias Rogue
88%
Salazar Serpentard
88%
Godric Gryffondor
87%
Remus Lupin
87%
Dolores Ombrage
87%
Rubeus Hagrid
86%
Elfe Dobby
85%
Chouette Hedwige
84%
Minerva McGonagall
84%
Viktor Krum
83%
Gilderoy Lockhart
82%
Padma | Parvati Patil
82%
Rat Croutard
81%
Tom Jedusor
81%
Hippogriffe Buck
80%
Cornelius Fudge
80%
Serpent Nagini
80%
Chat Pattenrond
80%
Argus Rusard
80%
Dean Thomas
79%
Bathilda Tourdesac
79%
Lavande Brown
78%
Horace Slughorn
78%
Pomona Chourave
77%
Filius Flitwick
77%
Gregory Goyle
77%
Rita Skeeter
77%
Katie Bell
75%
Elfe Kreattur
75%
Quirinus Quirrell
75%
Olivier Dubois
74%
Igor Karkaroff
74%
Peter Pettigrow
74%
Acromentule Aragog
73%
Vincent Crabbe
73%
Seamus Finnigan
73%
Nicolas Flamel
73%
Phenix Fumseck
73%
Pansy Parkinson
73%
Sibylle Trelawney
73%
Barthémius Croupton
72%
Mondingus Fletcher
72%
Poppy Pomfresh
71%
Alecto | Amycus Carrow
70%
Colin | Dennis Crivey
70%
Fenrir Greyback
70%
Angelina Johnson
70%
Lee Jordan
70%
Centaure Firenze
68%
Olympe Maxime
68%
Esprit Frappeur Peeves
68%
Crapaud Trevor
67%
Elvis | Merope | Morfin Gaunt
65%
Gellert Grindelwald
65%
Blaise Zabini
65%
Geant Graup
64%
Dragon Norbert
63%
Bertie Crochue
61%
Chien Crockdur
61%
Garrick Ollivander
61%
Amelia | Edgar | Susan Bones
59%
Chouette Errol
59%
Cormac McLaggen
59%
Gobelin Gripsec
57%
Ernie Macmillan
57%
Cerbère Touffu
57%
Romilda Vane
56%
Elfe Winky
56%
Elphias Doge
55%
Antonin Dolohov
55%
Antioch | Cadmus | Ignotus Peverell
55%
Arabella Figg
54%
Stan Rocade
54%
Pénélope Deauclaire
53%
Alicia Spinnet
52%
Rufus Scrimgeour
51%
Charity Burbage
50%
Hepzibah | Zacharias Smith
50%
Beedle le barde
49%
Hibou Coquecigrue
48%
Aurora Sinistra
47%
Millicent Bulstrode
45%
Armando Dippet
45%
Chat Miss Teigne
44%
Irma Pince
44%
hannah Abott
43%
Cuthbert Binns
43%
Marcus Flint
43%
Astoria | Daphnée Greengrass
43%
Ludovic Verpey
42%
Boursoufflet Arnold
41%
Fabian | Gideon Prewett
41%
Centaure Bane
40%
Eileen Prince
40%
Dedalus Diggle
39%
Hibou Hermes
39%
Kingsley Shacklebolt
37%
Bertha Jorkins
36%
Wilhelmina Gobe-Planche
35%
Theodore Nott
35%
Mafalda Hopkrik
34%
Anthony Goldstein
33%
Florian Fortarôme
32%
Gwenog | Hestia Jones
32%
Terry Boot
31%
Michael Corner
31%
Evan Rosier
30%
Emmeline Vance
29%
Septima Vector
29%
Albert Runcorn
25%
Reginal Cattermole
24%
Sturgis Podmore
24%
Frank Bryce
23%
Roger Davies
23%
Marietta Edgecombe
23%
Augustus Rookwood
22%
Elfe Hokey
20%
Caractacus Beurk
19%
Piers Polkiss
17%
Pius Thicknesse
17%
Corban Yaxley
17%
Dilys Derwent
16%
Justin Finch-Fletchey
16%
Bob Ogden
16%
Demelza Robins
16%
Dirk Cresswell
15%
Walden Macnair
15%
Centaure Magorian
15%
Silvanus Brûlopot
14%
Marlene McKinnon
14%
Gobelin Bogrod
13%
Ernie Danlmur
13%
Griselda Marchebank
12%
Richie Coote
11%
John Dawlish
11%
Craig Montague
10%
Broderick Moroz
10%
Jimmy Peakes
10%
Thorfinn Rowle
10%
Galatea Têtenjoy
10%
Olive Hornby
7%
Terence Higgs
6%
Lucien Bole
5%
Cassius Warrington
5%
Amy Benson
4%
Gobelin Gornuc
4%
Augustus Pye
2%
Rudolph Spielman
2%
Nigel Wolpert
2%
Aucun quiz correspondant
Distribution des résultats
% des personnes avec chaque résultat
Percentile par nombre de réponses
Votre historique - résultats
Vous n’avez pas pris ce quiz